| 000 | 00414nam a2200133Ia 4500 | ||
|---|---|---|---|
| 003 | GCL | ||
| 008 | 140319s9999 xx 000 0 ara d | ||
| 040 |
_aGCL / _cGCL |
||
| 082 | 0 | 4 |
_a301.01 _bع ر |
| 100 | 1 | _aعبدالله عبدالغنى غانم | |
| 245 | 1 | 0 |
_aالرواد المسلمون / _cعبدالله عبدالغنى غانم |
| 300 | _a469 | ||
| 490 |
_aتاريخ التفكير الاجتماعى _v0 |
||
| 999 |
_c43350 _d43350 |
||